00000000nam##2200000za#4500
0019.662686
003CaOODSP
00520210615120702
007ta
008150407|2002||||xxc|||||     f|0| 0 fre|d
020 |a0-662-65650-4
040 |aCaOODSP|bfre
041 |aeng
041 |afre
043 |an-cn---
0861 |aSC94-81/2001
1101 |aCanada.|bCentre canadien de gestion.
24510|aDe l'effort héroïque au travail quotidien : |bles enseignements découlant de la direction de projets horizontaux / |cpar Mark Hopkins, Chantal Couture et Elizabeth Moore.
260 |aOttawa - Ontario : |bCentre canadien de gestion |c2002.
300 |axii, 70p. : |bréférences, tableaux ; |c28 cm.
563 |aCouverture souple
590 |a02-31|b2002-08-02
69107|aFonction publique|2gcpds
69107|aGestion administrative|2gcpds
69107|aDécentralisation|2gcpds
7201 |aHopkins, Mark
7201 |aCouture, Chantal
7201 |aMoore, Elizabeth
7760#|tDe l'effort héroïque au travail quotidien : |w(CaOODSP)9.640023
7760#|tMoving from the heroic to the everyday : |w(CaOODSP)9.695903
791 |tMoving from the heroic to the everyday : |eeng|w(CaOODSP)9.662685